Highest quality of life cities according to EIU - Statistics

General Stats
  • This quiz has been taken 130 times
    127 since last reset
  • The average score is 12 of 20
Answer Stats
Hint Answer % Correct
<95.7 Stockholm
79%
96.0 Helsinki
74%
96.1 Sydney
74%
97.4 Vienna
73%
<95.7 Zurich
73%
97.3 Vancouver
72%
<95.7 Paris
71%
97.2 Toronto
70%
97.7 Melbourne
66%
<95.7 Geneva
65%
<95.7 Montreal
63%
<95.7 Tokyo
62%
95.7 Auckland
58%
95.9 Perth
56%
<95.7 Frankfurt
53%
96.6 Adelaide
47%
<95.7 Brisbane
45%
<95.7 Hamburg
43%
<95.7 Osaka
43%
96.6 Calgary
40%
No matching quizzes found
Score Distribution
Percent of People with Each Score
Percentile by Number Answered
Your Score History
You have not taken this quiz since the last reset